| 000 | 00365nam a22001217a 4500 | ||
|---|---|---|---|
| 082 |
_a624.171 _bHAN _cL-20, P-194 |
||
| 110 |
_aCentral Mechanical Engineering Research Institute Durgappur India _942716 |
||
| 245 | _aHand Book of Open Web Structures | ||
| 300 |
_a186p.: _bill.; |
||
| 526 |
_a0 _b0 _c0 _d624_171000000000000_HAN |
||
| 650 |
_aMCE _9379 |
||
| 942 |
_2ddc _cBK |
||
| 999 |
_c546564 _d546564 |
||